Statistics for Disney Princesses Triva

Click here to take the quiz!

General Stats

  • This quiz has been taken 3,178 times
  • The average score is 13 of 15

Answer Stats

HintAnswer% Correct
Lost her shoeCinderella
98%
She "Let it Go"Elsa
97%
Lived with 7 minersSnow White
97%
Went to warMulan
96%
Has magic hairRapunzel
96%
Slept for 100 yearsAurora
95%
Has a pet tigerJasmine
95%
Turned into a frogTiana
92%
Was a Native American princessPocahontas
87%
Married SimbaNala
84%
Has 6 sistersAriel
80%
Married her kidnapperBelle
78%
Changed her fateMerida
74%
Was stuck in a castle for 15 yearsAnna
58%
Loves to raceVanellope
26%

Score Distribution

Percentile by Number Answered

Percent of People with Each Score

Your Score History

You have not taken this quiz